Music Quiz

Random Music Quiz

Which Song Was #1? Quiz Stats

 Plays Quiz not verified by Sporcle

Score 0/30 Timer 05:00
0 Plays Today
Was it... Answer % Correct
(A) 'Happy' by Pharrell Williams
(B) 'Dark Horse' by Katy Perry feat. Juicy J
???
91.7%
(A) 'Yeah!' by Usher feat. Lil Jon and Ludacris
(B) 'If I Ain't Got You' by Alicia Keys
???
86.1%
(A) '(Everything I Do) I Do It For You' by Bryan Adams
(B) 'I Wanna Sex You Up' by Color Me Badd
???
83.3%
(A) 'Rolling in the Deep' by Adele
(B) 'Party Rock Anthem' by LMFAO
???
77.8%
(A) 'Faith' by George Michael
(B) 'Need You Tonight' by INXS
???
77.8%
(A) 'Low' by Flo Rida feat. T-Pain
(B) 'Bleeding Love' by Leona Lewis
???
75%
(A) 'The Sign' by Ace of Base
(B) 'I Swear' by All-4-One
???
75%
(A) 'I Will Always Love You' by Whitney Houston
(B) 'Whoomp! (There It Is)' by Tag Team
???
75%
(A) 'Somebody that I Used to Know' by Gotye feat. Kimbra
(B) 'Call Me Maybe' by Carly Rae Jepsen
???
72.2%
(A) 'Need You Now' by Lady Antebellum
(B) 'TiK ToK' by Ke$ha
???
72.2%
(A) 'Walk Like An Egyptian' by Bangles
(B) 'Alone' by Heart
???
72.2%
(A) 'Ignition' by R. Kelly
(B) 'In Da Club' by 50 Cent
???
69.4%
(A) 'Foolish Games / You Were Meant For Me' by Jewel
(B) 'Candle In The Wind 1997 / Something About The Way You Look Tonight' by Elton John
???
69.4%
(A) 'Temperature' by Sean Paul
(B) 'Bad Day' by Daniel Powter
???
66.7%
(A) 'Foolish' by Ashanti
(B) 'How You Remind Me' by Nickelback
???
66.7%
Was it... Answer % Correct
(A) 'Too Close' by Next
(B) 'The Boy is Mine' by Brandy and Monica
???
63.9%
(A) 'Hold On' by Wilson Phillips
(B) 'It Must Have Been Love' by Roxette
???
63.9%
(A) 'Baby Got Back' by Sir Mix-A-Lot
(B) 'End of the Road' by Boyz II Men
???
61.1%
(A) 'Say You, Say Me' by Lionel Richie
(B) 'That's What Friends Are For' by Dionne and Friends
???
61.1%
(A) 'No Scrubs' by TLC
(B) 'Believe' by Cher
???
58.3%
(A) 'Gangsta's Paradise' by Coolio
(B) 'Waterfalls' by TLC
???
58.3%
(A) 'Careless Whisper' by Wham!
(B) 'Like a Virgin' by Madonna
???
58.3%
(A) 'Thrift Shop' by Macklemore and Ryan Lewis feat. Wanz
(B) 'Blurred Lines' by Robin Thicke feat. T.I. and Pharrell
???
55.6%
(A) 'Hollaback Girl' by Gwen Stefani
(B) 'We Belong Together' by Mariah Carey
???
52.8%
(A) 'Poker Face' by Lady Gaga
(B) 'Boom Boom Pow' by Black Eyed Peas
???
50%
(A) 'One Sweet Day' by Mariah Carey and Boyz II Men
(B) 'Macarena' by Los Del Rio
???
50%
(A) 'My Prerogative' by Bobby Brown
(B) 'Look Away' by Chicago
???
47.2%
(A) 'Fallin'' by Alicia Keys
(B) 'Hanging by a Moment' by Lifehouse
???
44.4%
(A) 'Umbrella' by Rihanna feat. Jay-Z
(B) 'Irreplaceable' by Beyoncé
???
38.9%
(A) 'Smooth' by Santana feat. Rob Thomas
(B) 'Breathe' by Faith Hill
???
36.1%

You're not logged in!

Compare scores with friends on all Sporcle quizzes.
OR
Log In

Sporcle TV

Today on Sporcle TV


Watch our educational content, quiz creation guides, and fun videos on Sporcle TV.

Show Comments

Extras

Created Dec 14, 2014ReportNominate
Tags:Top Songs

Top Quizzes Today


Score Distribution

Your Account Isn't Verified!

In order to create a playlist on Sporcle, you need to verify the email address you used during registration. Go to your Sporcle Settings to finish the process.

Report this User

Report this user for behavior that violates our Community Guidelines.

Details: